000 00437nam a2200169Ia 4500
003 GCL
008 140319s9999 xx 000 0 ara d
040 _aGCL /
_cGCL
082 0 4 _a301.4213
_bى س
245 1 0 _aالسعادة فى الخطوبة والزواج
490 _a
650 0 4 _aالزواج
650 0 4 _aالحب والزواج
650 0 4 _aالخطوبة
650 0 4 _aالاسرة والمجتمع
942 _2ddc
_cBK
999 _c43086
_d43086